Polskie miasta ze "zdrojem" - Statystyki

Ogólne statystyki
  • Ten quiz został rozwiązany 2 922 razy
  • Średni wynik to 5 z 15
Statystyki odpowiedzi
Odpowiedź % Poprawnych
Krynica-Zdrój
65%
Busko-Zdrój
52%
Kudowa-Zdrój
52%
Jastrzębie-Zdrój
51%
Rabka-Zdrój
43%
Lądek-Zdrój
37%
Polanica-Zdrój
37%
Duszniki-Zdrój
31%
Iwonicz-Zdrój
27%
Świeradów-Zdrój
25%
Piwniczna-Zdrój
21%
Połczyn-Zdrój
18%
Szczawno-Zdrój
17%
Jedlina-Zdrój
14%
Trzcińsko-Zdrój
9%
Nie znaleziono quizów pasujących do podanych kryteriów
Rozkład punktacji
Procent ludzi z każdym wynikiem
Percentyl według liczby udzielonych odpowiedzi
Twoja historia wyników
Nie rozwiązałeś tego quizu